00665nam a2200145 a 450000100100000000500170001000800410002704000250006811000650009324500930015826000570025130000190030895201750032799900170050200003101320200930062641.0110610s1927 dr 000 0 spa d aDO-SdBNPbspabBNPHU2 aSecretaría de Estado de Agricultura e Inmigración95751510aResumen de la actividad del departamento de agricultura en sus puntos más importantes. aSanto Domingo :bImpreso J. R. Vda. García,c1927. a8 p. ;c24 cm. 001050718RVaPDbPDcCTd2011-06-10iLF1l0o p31013-10r2020-06-25w2020-06-25y1zPerteneció a la biblioteca personal de Carlos Larrazábal Blanco.ZNo se presta c30505d30505